Statistiche per Paesi nominati nella pagina Wikipedia della Nuova Zelanda

Clicka qui per fare il quiz!

Statistiche generali

  • Questo quiz è stato fatto 23 volte
  • Il punteggio medio è 6 su 9

Statistiche sulle risposte

Volte in cui viene nominatoIndizio (basato sul motivo per cui lo stato viene nominato nella pagina Wikipedia)Paese% Corretto
2Paese vicino alla Nuova Zelanda, culturalmente e politicamente simile ad essaAustralia
100%
5Paese da cui la Nuova Zelanda ha ottenuto l'indipendenzaRegno Unito
100%
1Nel 1982, la Nuova Zelanda partecipò per la prima volta ai mondiali di calcio, tenutisi in questo paeseSpagna
74%
6La latitudine della Nuova Zelanda nell'emisfero australe è pari a quella di questo paese nell'emisfero borealeItalia
68%
2Nel 1995, la Nuova Zelanda perse la finale del mondiale di rugby contro questo paeseSudafrica
68%
2Ex colonia tedesca governata dalla Nuova Zelanda su mandato della Società delle NazioniSamoa
63%
1Nel 2016, la Nuova Zelanda ha vinto il rally tenutosi in questo paeseArgentina
58%
1Ex colonia tedesca governata dalla Nuova Zelanda su mandato della Società delle NazioniNauru
58%
1Paese in cui, negli anni '60, delle truppe neozelandesi hanno partecipato a una guerraVietnam
58%

Distribuzione punteggi

Percentile per numero di risposta

Percentuale di utenti per punteggio

I tuoi punteggi nel tempo

Non hai fatto questo quiz